000 01075nas a22002417a 4500
007 ta
008 230525e20230330xxk||||| t||| 00| 0 eng d
022 _a2398-4708
041 _aeng
245 _aThe 2018-2019 UK residential dwellings clay shrinkage subsidence event
490 _aInternational Journal of Building Pathology and Adaptation
_v2023
520 _aThe purpose of this paper is to provide a comprehensive overview of the 2018 UK subsidence event year as it relates to trees and low rise buildings in support of general insurance policy. Written by experts at Property Risk Inspection Ltd.
650 _aCLAY SOIL
650 _aINSURANCE CLAIMS
650 _aSHRINKAGE
650 _aSOIL PLASTICITY
650 _aSUBSIDENCE
651 _aUnited Kingdom
700 _aMacQueen, Margaret
700 _aLawson, Michael
700 _aDing, Wen-Nyi
856 _uhttps://propertyriskinspection.co.uk/wp-content/uploads/2023/05/The-2018-2019-UK-residential-dwellings-clay-shrinkage-subsidence-event.pdf
_zFree to view on Property Risk Inspection's website
999 _c121507
_d121507